000 00220nam a22000857a 4500
008 160914b xxu||||| |||| 00| 0 eng d
100 _9471
_aSri.K
245 _aEnglish Grammer-4
260 _aNew Delhi
_bJ.B.I. Publications
_c2011
999 _c3128
_d3128